| 000 | 00561 a2200193 4500 | ||
|---|---|---|---|
| 005 | 20260214110154.0 | ||
| 008 | 260212b |||||||| |||| 00| 0 eng d | ||
| 020 |
_a9789348309112 _cRs. 5500.00 |
||
| 040 | _aMAIN | ||
| 082 |
_a930.10954 _bA51P:A |
||
| 100 | _aParmar, Narender | ||
| 245 | _aAmar-Smriti: Archaeology and heritage: Prof Amar Singh felicitation volume | ||
| 260 |
_bResearch India Press _c2025 _aNew Delhi |
||
| 300 | _axxviii, 296 | ||
| 650 | _aArchaeology | ||
| 650 | _aHistorical- Critical Treatment | ||
| 650 | _aIndia | ||
| 942 | _cBK | ||
| 999 |
_c394887 _d394887 |
||